01309nam a22001817a 4500003001000000005001700010008004100027040001400068041000700082100002200089245010400111260003500215300001200250500011800262501070800380650002401088654001501112IT-MiCISF20170228154719.0170228b xxu||||| |||| 00| 0 eng d cIT-MiCISF ait aPilloni Francesco aIl principio famigliabPer una pastorale nella luce delle Nozze. Conversazioni con Roberto Falciola aCantalupa (TO)bEffatàc2016 app. 254 apastorale-familiare, operatori-pastorali, esperienze, chiesa, famiglia, società, pastorale-situazioni-difficili aUn dialogo vivace, che tocca tutti i punti caldi della riflessione ecclesiale sulla famiglia, ripercorrendone l’evoluzione e affrontando senza timidezze le questioni aperte. Il “principio famiglia” è la proposta che emerge dall’insieme della riflessione, ad illuminare la pastorale. Il mistero di Cristo Sposo della Chiesa Sposa sintetizza il dialogo di alleanza tra Dio e gli uomini e manifesta la presenza della Chiesa come “famiglia di Dio” dove tutti sono chiamati a vivere l’amore, e dove la misericordia accolta e vissuta trasfigura le ferite in storie di salvezza. Un principio cristologico ed ecclesiologico che pone ogni aspetto pastorale e ogni vocazione nella sua giusta luce. apastorale-familiare aintervista